Objectives for vocational and technical education in agriculture. (Record no. 34589)
[ view plain ]
| 000 -LEADER | |
|---|---|
| fixed length control field | 01572cam a22003011 4500 |
| 001 - CONTROL NUMBER | |
| control field | hew66000031 |
| 003 - CONTROL NUMBER IDENTIFIER | |
| control field | DLC |
| 005 - DATE AND TIME OF LATEST TRANSACTION | |
| control field | 20260227111514.0 |
| 008 - FIXED-LENGTH DATA ELEMENTS--GENERAL INFORMATION | |
| fixed length control field | 800205s1965 dcu f000 0 eng c |
| 010 ## - LIBRARY OF CONGRESS CONTROL NUMBER | |
| LC control number | hew66000031 |
| 035 ## - SYSTEM CONTROL NUMBER | |
| System control number | (OCoLC)5954857 |
| 040 ## - CATALOGING SOURCE | |
| Original cataloging agency | U.S. Department of Health, Education, and Welfare. Library |
| Transcribing agency | ArU |
| Modifying agency | OCoLC |
| -- | DLC |
| 042 ## - AUTHENTICATION CODE | |
| Authentication code | premarc |
| 050 00 - LIBRARY OF CONGRESS CALL NUMBER | |
| Classification number | L111 |
| Item number | .A6 1966, no. 4 |
| 051 ## - LIBRARY OF CONGRESS COPY, ISSUE, OFFPRINT STATEMENT | |
| Classification number | S533 |
| Item number | .J6 |
| Copy information | Copy 2. |
| 082 ## - DEWEY DECIMAL CLASSIFICATION NUMBER | |
| Classification number | 630.7 |
| 110 2# - MAIN ENTRY--CORPORATE NAME | |
| Corporate name or jurisdiction name as entry element | Joint Committee of the U.S. Office of Education and the American Vocational Association. |
| 245 10 - TITLE STATEMENT | |
| Title | Objectives for vocational and technical education in agriculture. |
| 260 ## - PUBLICATION, DISTRIBUTION, ETC. | |
| Place of publication, distribution, etc. | [Washington] |
| Name of publisher, distributor, etc. | U.S. Dept. of Health, Education, and Welfare, Office of Education; |
| -- | [for sale by the Superintendent of Documents, U.S. Govt. Print. Off., |
| Date of publication, distribution, etc. | 1965] |
| 300 ## - PHYSICAL DESCRIPTION | |
| Extent | v, 12 p. |
| Dimensions | 24 cm. |
| 410 10 - SERIES STATEMENT/ADDED ENTRY--CORPORATE NAME [OBSOLETE, CAN/MARC], [LOCAL, USA] | |
| Corporate name or jurisdiction name as entry element | United States. |
| Subordinate unit | Office of Education. |
| Title of a work | Bulletin 1966, |
| Volume number/sequential designation | no. 4 |
| 500 ## - GENERAL NOTE | |
| General note | "OE-81011." |
| 500 ## - GENERAL NOTE | |
| General note | "Designed to supersede Monograph No. 21, Educational objectives in vocational agriculture ... last revised and published by the U.S. Office of Education in 1955." |
| 501 ## - WITH NOTE | |
| With note | L111.A6 with: Educational developments in the Congo (Leopoldville) / Betty George. Washington : U. S. Dept. of Health, Education, and Welfare, Office of Education, 1966. Bound together subsequent to publication. |
| Institution to which field applies | DLC |
| 650 #0 - SUBJECT ADDED ENTRY--TOPICAL TERM | |
| Topical term or geographic name entry element | Agricultural education |
| Geographic subdivision | United States. |
| 650 #0 - SUBJECT ADDED ENTRY--TOPICAL TERM | |
| Topical term or geographic name entry element | Vocational education |
| Geographic subdivision | United States. |
| 710 1# - ADDED ENTRY--CORPORATE NAME | |
| Corporate name or jurisdiction name as entry element | United States. |
| Subordinate unit | Office of Education. |
| Title of a work | Educational objectives in vocational agriculture. |
No items available.